000 00649nam a2200241Ia 4500
003 OSt
005 20221005082803.0
006 a|||||r|||| 00| 0
007 ta
008 221004b |||||||| |||| 00| 0 hin d
024 _a22830
037 _cTextual
040 _aCRL
_cCRL
_bhin
041 _2hin
_ahin
082 _aG:550aY:1, 152N2
100 _aChatak Govind
_9391698
245 0 _aParyavaran aur sanskriti ka sankat
260 _aNew Delhi
_bTakshashila Prakashan India
_c1992
300 _a128p.
_ccm.
650 _aBIOLOGY
942 _hG:550aY:1, 152N2
_cTEXL
_2cc
999 _c989891
_d989891